Operations management /

Concepts and prerequisite methodology. Planning and controlling operations. Improving products and systems.

保存先:
書誌詳細
第一著者: Lee, Sang M.
その他の著者: Schniederjans, Marc J.
フォーマット: 図書
言語:English
出版事項: Boston : Houghton Mifflin, 1994.
主題:
タグ: タグ追加
タグなし, このレコードへの初めてのタグを付けませんか!
Thư viện lưu trữ: Mạng thư viện Đại học Đà Nẵng
LEADER 01242cam a2200373 i 4500
001 000047482
003 7163
005 20030311111044.0
008 010321|1994 vm 000 eng
020 |a 0395560845 
040 |a IRC  |c IRC  |d IRC 
041 0 |a eng 
082 1 4 |a 658.5  |b LE-S 
100 1 |a Lee, Sang M. 
245 0 0 |a Operations management /  |c Sang M. Lee, Marc J. Schniederjans. 
260 |a Boston :  |b Houghton Mifflin,  |c 1994. 
300 |a xxv, 878 p. :  |b col. ill. ;  |c 24cm. 
520 3 |a Concepts and prerequisite methodology. Planning and controlling operations. Improving products and systems. 
630 0 4 |a Management. 
630 0 4 |a Production. 
650 0 4 |a Production management. 
700 1 |a Schniederjans, Marc J. 
OWN |a DUT 
AVA |a UDN50  |b DUT  |c Book  |d 658.5 LE-S  |e available  |t Error 5001 Not defined in file expand_doc_bib_avail.  |f 1  |g 0  |h N  |i 0  |j SH  |k 1 
999 |a From the UDN01 
AVA |a UDN50  |b DUT  |c Book  |d 658.5 LE-S  |e available  |t Error 5001 Not defined in file expand_doc_bib_avail.  |f 1  |g 0  |h N  |i 0  |j SH  |k 1 
TYP |a Monograph 
TYP |a Printed language 
980 |a Mạng thư viện Đại học Đà Nẵng